000 00311nam a22001337a 4500
008 170821b xxu||||| |||| 00| 0 eng d
020 _a9780130457882
041 _aeng
080 _28 ED
_a51
100 _a51
101 _aMAT
245 _aELEMENENTARY KINEAR ALGEBRA
_cKLETZING.D
942 _2udc
_cBK
999 _c24195
_d24195